Sports Quiz

Random Sports or NFL Quiz

Most Expensive NFL QB-Receiver Duos Quiz Stats

 Plays Quiz not verified by Sporcle

Challenge
Share
Tweet
Name the highest-priced 2015 NFL quarterback-receiving duos with at least 100 attempted targets. Accepted answers are last names of players in either order (e.g., "Montana Rice" or "Rice Montana"). Costs are 2015 cap numbers in millions shown as total cost (QB cost, receiver cost). Passer ratings are from 2014. The first passer rating is to the target receiver, and the second passer rating is to other receivers.
Score 0/15 Timer 06:00
0 Plays Today
Rank Team: Quarterback - Receiver % Correct
4Broncos: P. Manning - D. Thomas
79.5%
2Lions: M. Stafford - C. Johnson
74.1%
12Packers: A. Rodgers - J. Nelson
72%
1Cowboys: T. Romo - D. Bryant
66.9%
13Patriots: T. Brady - R. Gronkowski
62.8%
5Falcons: M. Ryan - J. Jones
61.5%
7Steelers: B. Roethlisberger - A. Brown
60.3%
3Saints: D. Brees - J. Graham
52.7%
Rank Team: Quarterback - Receiver % Correct
10Bears: J. Cutler - B. Marshall
51%
11Cardinals: C. Palmer - L. Fitzgerald
49.8%
9Chargers: P. Rivers - A. Gates
48.1%
8Giants: E. Manning - V. Cruz
43.5%
6Chiefs: A. Smith - D. Bowe
25.1%
1449ers: C. Kaepernick - V. Davis
21.8%
15Ravens: J. Flacco - D. Pitta
7.9%

You're not logged in!

Compare scores with friends on all Sporcle quizzes.
Join for Free
OR
Log In

You Might Also Like...

Show Comments

Extras

Top Quizzes Today


Score Distribution

Your Account Isn't Verified!

In order to create a playlist on Sporcle, you need to verify the email address you used during registration. Go to your Sporcle Settings to finish the process.

Report this User

Report this user for behavior that violates our Community Guidelines.

Details: